[Event "ch-Moscow KO"]
[Site "Moscow RUS"]
[Date "2010.03.27"]
[Round "2.2"]
[White "Dubov,Danii"]
[Black "Novikov,St1"]
[Result "1/2-1/2"]
[WhiteElo "2416"]
[BlackElo "2558"]

1.e4 g6 2.d4 Bg7 3.Nc3 c6 4.f4 Qb6 5.Nf3 d5 6.e5 Bg4 7.Be2 Nh6 8.Nh4 Bxe2
9.Nxe2 c5 10.c3 Nc6 11.O-O e6 12.b3 cxd4 13.cxd4 O-O 14.Ba3 Rfc8 15.Qd2 Qa6
16.Bd6 f6 17.Nf3 Nf5 18.exf6 Nxd6 19.fxg7 Ne4 20.Qe1 Qd3 21.Ng3 Ne7 22.Rd1 Qc2
23.Nxe4 Qxe4 24.Ng5 Qxe1 25.Rdxe1 Nf5 26.Nxe6 h5 27.Rf2 Rc3 28.Rfe2 Rac8
29.Kf2 b6 30.Re5 Rc2+ 31.R1e2 a5 32.g3 Rxe2+ 33.Kxe2 Rc2+ 34.Kd3 Rxa2 35.Rxd5 Nxg7
36.Rd8+ Kf7 37.Ng5+ Ke7 38.Rg8 Nf5 39.Rxg6 Rxh2 40.Ne4 h4 41.g4 Rh3+ 42.Kc4 Ne3+
43.Kb5 Rf3 44.f5 h3 45.Ng5 h2 46.Rh6 Rf2 47.Ne4 Rf4 48.f6+ Ke6 49.Ng5+ Kd5
50.Rxh2 Rxf6 51.Rh8 Kxd4 52.Rd8+  1/2-1/2

[Event "II Genset Cup"]
[Site "Szombathely HUN"]
[Date "2010.04.01"]
[Round "7"]
[White "Kiss,At"]
[Black "Lakos,N"]
[Result "1/2-1/2"]
[WhiteElo "2342"]
[BlackElo "2292"]

1.e4 g6 2.d4 c6 3.Nc3 Bg7 4.Nf3 d5 5.h3 dxe4 6.Nxe4 Nd7 7.Bc4 Ngf6 8.Nxf6+ Nxf6
9.O-O O-O 10.Re1 Qc7  1/2-1/2

[Event "21st Pobeskydi Arcelor Mittal Cup"]
[Site "Frydek-Mistek CZE"]
[Date "2010.04.03"]
[Round "6"]
[White "Gazik,Viktor"]
[Black "Rakay,K"]
[Result "1/2-1/2"]
[WhiteElo "1760"]
[BlackElo "2105"]

1.e4 c6 2.d4 g6 3.Nc3 Bg7 4.Be3 d6 5.Qd2 Qa5 6.h4 h5 7.f3 b5 8.Nh3 b4 9.Ne2 c5
10.Ng5 Qc7 11.g3 a5 12.Kf2 Nd7 13.Bh3 Nb6 14.b3 Nh6 15.Bxc8 Qxc8  1/2-1/2

[Event "ch-WLS"]
[Site "Cardiff WLS"]
[Date "2010.04.04"]
[Round "4"]
[White "Thomas,Jam"]
[Black "Summers,C"]
[Result "1/2-1/2"]
[WhiteElo "1870"]
[BlackElo "1953"]

1.e4 g6 2.d4 Bg7 3.Nc3 c6 4.Be3 d6 5.Qd2 Nd7 6.Be2 h5 7.f4 Nb6 8.O-O-O d5
9.e5 Nh6 10.h3 h4 11.Nf3 Nf5 12.Bf2 e6 13.Rdg1 Bf8 14.g4 hxg3 15.Bxg3 Be7
16.Bf2 Nd7 17.Nd1 b5 18.Ne3 Nxe3 19.Bxe3 a5 20.Ng5 Nb6 21.Bd3 Bxg5 22.Rxg5 Nc4
23.Qe2 Qe7 24.Bxc4 bxc4 25.c3 a4 26.a3 Ba6 27.h4 O-O-O 28.Qd1 Bb5 29.h5 Rdg8
30.hxg6 Rxh1 31.Qxh1 fxg6 32.Rg4 Qf7 33.Rg5 Kb7 34.Qh3 Kb6 35.Rg1 Ba6 36.Qg4 Bc8
37.Bf2 Bd7 38.Bh4 Rh8 39.Rh1 Qf5  1/2-1/2

[Event "ch-WLS"]
[Site "Cardiff WLS"]
[Date "2010.04.05"]
[Round "6"]
[White "Young,Al"]
[Black "Summers,C"]
[Result "1/2-1/2"]
[WhiteElo "2016"]
[BlackElo "1953"]

1.e4 g6 2.d4 Bg7 3.Nc3 c6 4.Nf3 d5 5.h3 dxe4 6.Nxe4 Bf5 7.Bd3 Nd7 8.Qe2 Bxe4
9.Qxe4 Ngf6 10.Qe2 O-O 11.O-O Nd5 12.Bd2 b5 13.a4 b4 14.c4 bxc3 15.bxc3 c5
16.Ne5 Nxe5 17.dxe5 Rb8 18.Rfb1 Qc7 19.f4 e6 20.Be4 Rfd8 21.Rb5 Bf8 22.Rab1 Rxb5
23.Rxb5 a6 24.Rb1 c4  1/2-1/2

[Event "Open"]
[Site "Thessaloniki GRE"]
[Date "2010.04.10"]
[Round "8"]
[White "Iskos,A"]
[Black "Poley,V"]
[Result "0-1"]
[WhiteElo "2119"]
[BlackElo "2328"]

1.e4 g6 2.d4 Bg7 3.Nc3 c6 4.Nf3 d5 5.Bf4 dxe4 6.Nxe4 Qa5+ 7.Qd2 Qxd2+ 8.Bxd2 Nd7
9.Bd3 Ngf6 10.O-O Nxe4 11.Bxe4 c5 12.c3 O-O 13.Rfe1 cxd4 14.cxd4 Nf6 15.Bb4 Re8
16.Bd3 Nd5 17.Ba3 Bf6 18.Bc4 Be6 19.Ne5 Rac8 20.Bb3 Red8 21.Rad1 Rc7 22.h3 b6
23.Kh2 a5 24.g3 Rdc8 25.Ng4 Bxg4 26.hxg4 e6 27.Bd6 Rd7 28.Be5 Be7 29.Rc1 Rxc1
30.Rxc1 f6 31.Bf4 g5 32.Be3 Kf7 33.Rc6 b5 34.a3 a4 35.Ba2 Rb7 36.Bd2 b4 37.axb4 Bxb4
38.Bc3 Bxc3 39.bxc3 Rb2 40.Bxd5 exd5 41.Kg2 a3 42.Rc7+ Kg6 43.Rc5 a2 44.Ra5 Rc2
45.Ra7 h5 46.gxh5+ Kxh5 47.Kf3 Rxc3+ 48.Ke2 Rc2+ 49.Kf3 g4+ 50.Ke3 Kg5 51.Ra5 Kg6
52.Ra6 Kf5 53.Ra5 Ke6 54.Ra6+ Kd7 55.Kf4 Rxf2+ 56.Kxg4 Kc7 57.Kh5 Kb7 58.Ra4 Kb6
59.Kg6 Kb5 60.Ra8 Kc4 61.Ra4+ Kb3 62.Ra8 Rf1  0-1

[Event "2nd Milko Bobotsov Mem"]
[Site "Sofia BUL"]
[Date "2010.05.02"]
[Round "4"]
[White "Somborski,N"]
[Black "Popov,Geo"]
[Result "1-0"]
[WhiteElo "2377"]
[BlackElo "2218"]

1.e4 g6 2.d4 Bg7 3.Nc3 c6 4.Nf3 d5 5.h3 b5 6.a3 dxe4 7.Nxe4 Bf5 8.Ng3 Be6
9.c3 Nd7 10.Bd3 Ngf6 11.O-O O-O 12.Re1 Bd5 13.Bf4 Bxf3 14.Qxf3 Nd5 15.Bg5 f6
16.Bh4 N7b6 17.Ne4 Na4 18.Re2 Bh6 19.Bg3 f5 20.Nc5 Nxc5 21.dxc5 f4 22.Bh2 Qd7
23.c4 bxc4 24.Bxc4 e6 25.Rae1 Rae8 26.b4 Kh8 27.Re4 a5 28.Bb3 axb4 29.axb4 Bg7
30.Qd3 Qc8 31.Kh1 Rd8 32.Qf3 Rde8 33.Bxd5 cxd5 34.Rxf4 Rxf4 35.Qxf4 e5 36.Qd2 Qc6
37.f3 h5 38.Rd1 d4 39.Qd3 Kh7 40.Qc4 Rc8 41.Rc1 Qc7 42.Bg3 Rd8 43.Rd1 Rc8
44.Rxd4  1-0

[Event "TCh-UKR Clubs"]
[Site "Alushta UKR"]
[Date "2010.05.13"]
[Round "1"]
[White "Ivanov,Ol UKR"]
[Black "Guk,Ilja"]
[Result "1-0"]
[WhiteElo "2491"]
[BlackElo "2300"]

1.e4 g6 2.d4 Bg7 3.Nc3 c6 4.Nf3 d5 5.h3 dxe4 6.Nxe4 Nd7 7.Bc4 Ngf6 8.Nxf6+ Nxf6
9.O-O O-O 10.Re1 b6 11.c3 Bb7 12.Ne5 Nd7 13.Bg5 Nxe5 14.dxe5 Qc7 15.e6 f6
16.Qd7 Rac8 17.Qxc7 Rxc7 18.Bf4 Rcc8 19.Rad1 Rfe8 20.Rd7 Ba8 21.Ba6 Rcd8
22.Bc7  1-0

[Event "ch-Commonwealth"]
[Site "Delhi IND"]
[Date "2010.05.13"]
[Round "6"]
[White "Abhishek,K"]
[Black "Murshed,N"]
[Result "0-1"]
[WhiteElo "2261"]
[BlackElo "2426"]

1.e4 g6 2.d4 Bg7 3.Nc3 c6 4.Nf3 d6 5.Be2 Nf6 6.a4 O-O 7.O-O Nbd7 8.h3 Qc7
9.Re1 e5 10.dxe5 dxe5 11.Be3 Rd8 12.Qc1 Nf8 13.b4 Ne6 14.Qb2 Nd4 15.Nd2 Nxe2+
16.Nxe2 Be6 17.Bg5 h6 18.Bxf6 Bxf6 19.Nf1 Bg5 20.a5 Rd7 21.Nc1 Bc4 22.Nb3 Rad8
23.Nh2 b6 24.Nf3 Be7 25.Qc3 Be6 26.Nbd2 f6 27.Nb3 Qd6 28.axb6 axb6 29.Ra4 Kg7
30.Nc1 b5 31.Ra6 Qxb4 32.Qxc6 Rd6 33.Qb7 R8d7 34.Qa8 Rxa6 35.Qxa6 Bc4 36.Qc8 Qd6
37.Nb3 Ra7 38.Kh2 Ra2 39.Rc1 Ra7 40.Qe8 Qb6 41.Kg3 Bf7 42.Qc8 Rc7 43.Qg4 h5  0-1

[Event "ch-Commonwealth"]
[Site "Delhi IND"]
[Date "2010.05.14"]
[Round "7"]
[White "Gahan,M"]
[Black "Shivananda,B"]
[Result "1-0"]
[WhiteElo "2170"]
[BlackElo "2387"]

1.e4 g6 2.d4 Bg7 3.Nc3 c6 4.f4 d5 5.e5 h5 6.Nf3 Bg4 7.h3 Bxf3 8.Qxf3 e6 9.Bd3 h4
10.Be3 Nd7 11.O-O Nh6 12.Ne2 Bf8 13.b3 Nf5 14.Bf2 a5 15.c4 Nb6 16.Rfc1 Be7
17.a3 a4 18.c5 axb3 19.Rab1 Nc4 20.Bxc4 dxc4 21.Rxc4 Rxa3 22.Rb4 Ra7 23.Qxb3 O-O
24.Rxb7 Rxb7 25.Qxb7 Qd5 26.Nc3 Qc4 27.Qb3 Qa6 28.Ne4 Qe2 29.Re1 Qa6 30.Nd6 Ra8
31.Qb7 Qxb7 32.Nxb7 Ra4 33.Rd1 g5 34.Nd6 Ng7 35.fxg5 Bxg5 36.Rb1 Nh5 37.Ne4 Be7
38.Rb8+ Kg7 39.Re8 Ra7 40.Be3 f6 41.Rc8 fxe5 42.dxe5 Kg6 43.Nd6 Ra1+ 44.Kf2 Ra2+
45.Kf3 Ra3 46.Ne4 Ng3 47.Nxg3 hxg3 48.Rg8+ Kf5 49.Rxg3 Kxe5 50.Kg4 Kd5 51.Bf2 Ra4+
52.Kh5 Rf4 53.Be3 Rf5+ 54.Kg6 Bxc5 55.Bxc5 Kxc5 56.h4 Rf8 57.Kg7 Ra8 58.h5 e5
59.h6 Kd4 60.h7 c5 61.h8=Q Rxh8 62.Kxh8 c4 63.Rg8 e4 64.g4 c3 65.g5 e3 66.Rd8+ Ke4
67.Re8+ Kf4 68.g6 c2 69.Rf8+ Ke4 70.Rf1 e2 71.Rh1 Kd3 72.g7 Kd2 73.g8=Q e1=Q
74.Qd5+  1-0

[Event "ch-Commonwealth"]
[Site "Delhi IND"]
[Date "2010.05.17"]
[Round "10"]
[White "Phadke,So1"]
[Black "Murshed,N"]
[Result "1-0"]
[WhiteElo "2208"]
[BlackElo "2426"]

1.e4 g6 2.d4 Bg7 3.Nc3 c6 4.f4 d5 5.e5 h5 6.Nf3 Nh6 7.Be3 Bg4 8.h3 Bxf3 9.Qxf3 Nf5
10.Bf2 h4 11.Bd3 e6 12.O-O Nd7 13.Ne2 Bf8 14.b3 Ba3 15.c4 Qe7 16.Rab1 a5
17.Nc3 Kf8 18.cxd5 exd5 19.Bxf5 gxf5 20.Qd3 Qe6 21.Nd1 Be7 22.Ne3 Rh5 23.Be1 b6
24.Rc1 Ke8 25.Qe2  1-0

[Event "TCh-UKR Clubs"]
[Site "Alushta UKR"]
[Date "2010.05.18"]
[Round "8"]
[White "Tichonov,J"]
[Black "Onischuk,V"]
[Result "0-1"]
[WhiteElo "2140"]
[BlackElo "2498"]

1.e4 g6 2.d4 c6 3.Nc3 Bg7 4.Nf3 d6 5.Be2 Nf6 6.O-O O-O 7.a4 a5 8.h3 Na6 9.Be3 Nb4
10.Qd2 Qc7 11.Rac1 e5 12.Bh6 Re8 13.Bxg7 Kxg7 14.dxe5 dxe5 15.Bc4 h6 16.Rfd1 Qe7
17.Qd6 b6 18.Rd2 Ra7 19.Qxe7 Raxe7 20.Rcd1 Nd7 21.Ne1 Nc5 22.b3 Rd7 23.Rxd7 Bxd7
24.f3 Rb8 25.Kf2 Kf8 26.Ke2 b5 27.axb5 cxb5 28.Bd5 Rc8 29.Kd2 f5 30.Ra1 a4
31.bxa4 Nxa4 32.Nxa4 bxa4 33.c4 Nxd5 34.cxd5 fxe4 35.fxe4 Rc4 36.Ke3 Rc3+
37.Kd2 Rg3 38.Ke2 Ke7 39.Kf2 Rc3 40.Rb1 a3 41.Rb6 Rc4 42.Rb1 Rxe4 43.Ra1 Ra4
44.Nc2 a2 45.Ne3 Kd6 46.Ke1 Ra3 47.Ke2 Kc5 48.Kd2 Kd4  0-1

[Event "Campomanes Mem IM"]
[Site "Ankara TUR"]
[Date "2010.05.19"]
[Round "5"]
[White "Dastan,B"]
[Black "Marinkovic,I"]
[Result "1/2-1/2"]
[WhiteElo "2094"]
[BlackElo "2450"]

1.e4 g6 2.d4 Bg7 3.Nc3 c6 4.h3 d5 5.Nf3 Nh6 6.Bd3 f6 7.O-O Nf7 8.exd5 cxd5
9.Ne2 e5 10.dxe5 fxe5 11.Bb5+ Nc6 12.c4 d4 13.Ng3 O-O 14.Bxc6 bxc6 15.Nd2 Nd6
16.b3 Nf5 17.Nde4 Qa5 18.Qd3 c5 19.Bd2 Qc7 20.Rae1 Bb7 21.Re2 h6 22.Rfe1 Qc6
23.Nf1 Rf7 24.f3 Re8 25.Nfg3 Ref8 26.Rf2 Bc8 27.Ref1 Re8 28.Re1 Bf8 29.Nf1 Bb7
30.Rfe2 Re6 31.Kh2 Be7 32.Rd1 Kh7 33.Be1 Ng7 34.Nfg3 Bd8 35.Bd2 Nf5 36.Nf1 Nd6
37.Nfg3 Nf5 38.Nf1 Re8 39.Kg1  1/2-1/2

[Event "2nd Kahraman Olgac Mem"]
[Site "Instanbul TUR"]
[Date "2010.05.28"]
[Round "9"]
[White "Firat,B"]
[Black "Movsziszian,K"]
[Result "1-0"]
[WhiteElo "2403"]
[BlackElo "2534"]

1.e4 g6 2.d4 Bg7 3.Nc3 c6 4.Nf3 d6 5.h3 b5 6.Be3 Nd7 7.Bd3 Qc7 8.O-O Ngf6
9.Ne2 O-O 10.Ng3 e5 11.dxe5 dxe5 12.c4 b4 13.c5 a5 14.Qe2 Re8 15.a3 bxa3
16.Rxa3 Bf8 17.Rc1 Bb7 18.Nf1 Nh5 19.g3 Ng7 20.Rac3 a4 21.N1d2 Ne6 22.Kg2 Bc8
23.b4 axb3 24.Nxb3 h6 25.Qd2 Kh7 26.Nh2 Bg7 27.Nf3 Ra3 28.Qb2 Qa7 29.Bb1 Ra4
30.Rc4 Rxc4 31.Rxc4 Ba6 32.Rc1 Bb5 33.Nfd2 Rb8 34.Qc3 Bf8 35.Rc2 Qc7 36.Ba2 Ra8
37.Bb1 Ra3 38.h4 Ndxc5 39.Ra2 Na4 40.Qc2 Rxa2 41.Bxa2 h5 42.Nc4 Bg7 43.Nbd2 Nd4
44.Bxd4 exd4 45.Nf3 Nc3 46.Bb3 Kh8 47.e5 c5 48.Nd6 d3 49.Qc1 Ne2 50.Qg5 c4
51.Nxb5 Qc6 52.Bxc4 Qxc4 53.Qd8+  1-0

[Event "XXIX Open A"]
[Site "Zalakaros HUN"]
[Date "2010.05.30"]
[Round "5"]
[White "Schneider,Ve"]
[Black "Zakharchenko,A"]
[Result "1-0"]
[WhiteElo "2339"]
[BlackElo "2209"]

1.e4 g6 2.d4 Bg7 3.Nc3 c6 4.Nf3 d5 5.h3 Nf6 6.e5 Ne4 7.Nxe4 dxe4 8.Ng5 c5
9.d5 Bxe5 10.Nxe4 O-O 11.c3 Qc7 12.Bh6 Rd8 13.Qf3 Bf5 14.Ng5 Bf6 15.O-O-O Qa5
16.g4 Bd7 17.Kb1 Ba4 18.Re1 Be8 19.Ne4 Bh8 20.d6 Nd7 21.dxe7 Rdc8 22.Rd1 Rc6
23.Nd6 Qc7 24.Nxe8 Rxe8 25.Bb5 Ne5 26.Qd5 Qxe7 27.f4 a6 28.Ba4 b5 29.fxe5 Re6
30.Bc2 Rxe5 31.Qd6 Qh4 32.Bf4 Re2 33.Bg3 Qg5 34.Rhe1 Rxe1 35.Rxe1 Rxe1+ 36.Bxe1 Bf6
37.Bd2 Qh4 38.a3 Qf2 39.Qf4 Qg1+ 40.Ka2 Be7 41.Qb8+ Kg7 42.Qe5+ Bf6 43.Qe3 Qh2
44.g5 Bd8 45.Be4 Qd6 46.Qd3 Qe7 47.Bf4 Bc7 48.Bxc7 Qxc7 49.Qf3 Qe7 50.Bd5 Qxg5
51.Qxf7+ Kh6 52.Bf3 Qd8 53.Qf4+ Kg7 54.Qe5+ Qf6 55.Qxf6+ Kxf6 56.Bb7  1-0

[Event "4th Open"]
[Site "Varna BUL"]
[Date "2010.06.12"]
[Round "1"]
[White "Filatov,S"]
[Black "Dimov,Di"]
[Result "0-1"]
[WhiteElo "1613"]
[BlackElo "2301"]

1.e4 g6 2.d4 Bg7 3.Nc3 c6 4.Nf3 d6 5.Be2 Nf6 6.O-O O-O 7.h3 b5 8.a3 a6 9.Be3 Bb7
10.Qd2 Nbd7 11.Bh6 e5 12.Bxg7 Kxg7 13.dxe5 dxe5 14.Rad1 Qe7 15.Qe3 Rfe8 16.Nh4 h6
17.Qg3 Kh7 18.Rfe1 Nc5 19.Bf1 a5 20.b4 axb4 21.axb4 Na6 22.Qd3 Nxb4 23.Qd6 Nxc2
24.Qxe7 Rxe7 25.Re2 Nd4 26.Red2 b4 27.Ne2 Nxe4 28.Rb2 c5 29.Nxd4 exd4 30.Nf3 Nc3
31.Rc1 Bd5 32.Nd2 Rea7 33.Bc4 Ra1 34.Rxa1 Rxa1+ 35.Kh2 Kg7 36.Bxd5 Nxd5 37.Nb3 Rd1
38.Nxc5 Kf6 39.Kg3 Ke5 40.f4+ Kd6 41.Ne4+ Kc6 42.Rc2+ Nc3 43.Nxc3 dxc3 44.Kf3 Kc5
45.Ke3 Kc4  0-1

[Event "4th Open"]
[Site "Varna BUL"]
[Date "2010.06.15"]
[Round "4"]
[White "Styazhkina,A"]
[Black "Dimov,Di"]
[Result "0-1"]
[WhiteElo "1973"]
[BlackElo "2301"]

1.e4 g6 2.d4 Bg7 3.Nc3 c6 4.f4 d5 5.e5 h5 6.Be3 Nh6 7.Nf3 Bg4 8.h3 Nf5 9.Bf2 Bxf3
10.Qxf3 h4 11.Bd3 e6 12.O-O Nd7 13.Ne2 Bf8 14.b3 Qa5 15.c4 Ba3 16.Rab1 Bb4
17.Ra1 Qa3 18.Rfd1 Ne7 19.Qg4 Nf5 20.Qf3 Nb6 21.Rdc1 Rd8 22.c5 Nd7 23.Rc2 Rc8
24.Rac1 Kf8 25.Qg4 Rh5 26.Kh2 Kg7 27.Ng1 Bd2 28.Rd1 Be3 29.Bxf5 exf5 30.Qf3 Bxf2
31.Qxf2 Rch8 32.Nf3 Nf8 33.Qe3 Ne6 34.Nd2 Qb4 35.Nb1 R8h6 36.a3 Qa5 37.Rf2 g5
38.fxg5 Rxg5 39.b4 Qd8 40.Nc3 Rg3 41.Qd2 Rhg6 42.Ne2 Qg5 43.Qxg5 R6xg5 44.Rdf1 Rxa3
45.Rxf5 Rxf5 46.Rxf5 Rb3 47.Rh5 Rb2 48.Ng1 Rxb4 49.Rxh4 Rxd4  0-1

[Event "Heart of Finland"]
[Site "Jyvaskyla FIN"]
[Date "2010.07.06"]
[Round "2"]
[White "Legkyi,Mykola"]
[Black "Kotilainen,A"]
[Result "1-0"]
[WhiteElo "2425"]
[BlackElo "2088"]

1.d4 g6 2.e4 Bg7 3.Nc3 c6 4.Nf3 d5 5.h3 dxe4 6.Nxe4 Nd7 7.Bc4 Ngf6 8.Nxf6+ Nxf6
9.O-O O-O 10.Re1 b5 11.Bb3 a5 12.a4 b4 13.Bg5 Ra7 14.Ne5 Bb7 15.Nd3 Re8 16.Qd2 Nd5
17.Nc5 Bc8 18.Rad1 Bf5 19.Bh6 Qb8 20.Bxg7 Kxg7 21.Bxd5 cxd5 22.Re5 Qd6 23.Rde1 Rc7
24.R1e3 Bc8 25.Rg3 f5 26.Rge3 e6 27.Re2 Rce7 28.Qg5 Rf7 29.h4 Qe7 30.Qg3 Qf6
31.f4 Rfe7 32.c3 bxc3 33.bxc3 Bb7 34.Re1 h5 35.Rb1 Bc6 36.Rb6 Rc7 37.Re1 Kf7
38.Reb1 Ra8 39.Qg5 Qxg5 40.hxg5 Ke7 41.Re1 Bd7 42.Nxe6 Bxe6 43.Rexe6+ Kd7
44.Rbd6+ Kc8 45.Rxg6 Rxc3 46.Rg7  1-0

[Event "IsBank TCh-TUR"]
[Site "Konya TUR"]
[Date "2010.07.07"]
[Round "11"]
[White "Adams,Mi"]
[Black "Salepci,O"]
[Result "1-0"]
[WhiteElo "2697"]
[BlackElo "2130"]

1.e4 g6 2.d4 Bg7 3.Nc3 c6 4.Nf3 d5 5.h3 Nf6 6.e5 Ne4 7.Nxe4 dxe4 8.Ng5 c5
9.e6 Bxe6 10.Nxe6 fxe6 11.dxc5 Qa5+ 12.c3 Nc6 13.Be3 Rd8 14.Qc2 Ne5 15.b4 Qa3
16.Bb5+ Kf7 17.O-O a6 18.Ba4 Rd3 19.Bb3 Nf3+ 20.gxf3 Rxc3 21.Qb1 Rd8 22.Bc1  1-0

[Event "9th Open"]
[Site "La Fere FRA"]
[Date "2010.07.07"]
[Round "6"]
[White "Billon,O"]
[Black "Piankov,E"]
[Result "0-1"]
[WhiteElo "2129"]
[BlackElo "2324"]

1.e4 g6 2.d4 Bg7 3.Nc3 c6 4.Nf3 d5 5.h3 Nh6 6.Bf4 O-O 7.Qd2 dxe4 8.Nxe4 Nf5
9.c3 Nd6 10.Ng3 Nd7 11.Bd3 c5 12.O-O cxd4 13.cxd4 Nf6 14.Rfe1 Be6 15.Rxe6 fxe6
16.Ng5 Qd7 17.Re1 Nd5 18.Bxd6 Qxd6 19.Nxe6 Kh8 20.Qg5 Nf4 21.Nxf8 Rxf8 22.Bf1 Qxd4
23.Re4 Qxf2+ 24.Kxf2 Nxh3+ 25.Ke3 Nxg5 26.Rxe7 Bxb2 27.Bc4 Rc8 28.Bd3 Rb8
29.Ne4 Ba3 30.Rd7 Nxe4 31.Kxe4 a5 32.Rd5 b6 33.Rd7 Rf8 34.Bc4 Rf2 35.g4 Bc1
36.Be6 Re2+ 37.Kd5 Rxa2 38.Kc6 Re2 39.Bd5 Be3 40.Re7 Rc2+ 41.Kb7 Rc3 42.Ka6 a4
43.Ba2 a3 44.Bd5 h6  0-1

[Event "5th Nana Aleksandria Cup"]
[Site "Poti GEO"]
[Date "2010.07.11"]
[Round "1"]
[White "Tsomaia,S"]
[Black "Azaladze,S"]
[Result "0-1"]
[WhiteElo "1989"]
[BlackElo "2443"]

1.e4 g6 2.d4 Bg7 3.Nc3 c6 4.f4 d5 5.e5 Nh6 6.Be2 f6 7.Nf3 Bg4 8.O-O Nf5 9.exf6 exf6
10.Nh4 Bxe2 11.Qxe2+ Ne7 12.Re1 Qd7 13.b3 Kf7 14.Ba3 Re8 15.f5 Na6 16.Qxe7+ Rxe7
17.Rxe7+ Qxe7 18.Bxe7 Kxe7 19.Ne2 Kf7 20.c3 Re8 21.Kf2 Bh6 22.g3 Nc7 23.Rd1 Nb5
24.fxg6+ hxg6 25.Ng2 Rxe2+ 26.Kxe2 Nxc3+ 27.Ke1 Nxd1 28.Kxd1 f5 29.Ke2 g5
30.Kf3 g4+ 31.Ke2 b5 32.Kd3 Kf6 33.Ke2 Bf8 34.Nf4 Bd6 35.Nd3 c5 36.Ke3 c4
37.Nc1 b4 38.Ne2 a5 39.bxc4 dxc4 40.d5 Be5 41.Kd2 b3 42.axb3 cxb3 43.Kc1 a4
44.Kb1 a3 45.Nc1 a2+ 46.Nxa2 bxa2+ 47.Kxa2 f4  0-1

[Event "Open A"]
[Site "Oberwart AUT"]
[Date "2010.07.13"]
[Round "1"]
[White "Papp,T1"]
[Black "Bauer,Man AUT"]
[Result "1-0"]
[WhiteElo "2330"]
[BlackElo "1996"]

1.e4 g6 2.d4 Bg7 3.Nc3 c6 4.Nf3 d5 5.exd5 cxd5 6.Bb5+ Bd7 7.Qe2 Nf6 8.Bg5 Bxb5
9.Qxb5+ Qd7 10.Bxf6 Bxf6 11.Qxd7+ Nxd7 12.Nxd5 O-O 13.O-O e6 14.Nxf6+ Nxf6
15.a4 Rac8 16.c3 Rc7 17.Rfd1 Rfc8 18.Ne5 Nd7 19.Ng4 h5 20.Ne3 Nb6 21.Kf1 Kf8
22.Ke2 Nc4 23.Nxc4 Rxc4 24.Kd3 Ke7 25.Rdc1 a6 26.b3 R4c7 27.a5 Rd8 28.Ke4 Rcd7
29.Rd1 f5+ 30.Ke3 e5 31.Ra4 Rd5 32.f4 e4 33.c4 R5d6 34.Rb4 R8d7 35.d5 Kd8
36.h4 Kc7 37.Kd4 Rd8 38.Re1 R8d7 39.Re3 Rd8 40.Kc5 Rf6 41.Rb6 Rdd6 42.Rxd6 Rxd6
43.b4 Rd8 44.Kd4 b6 45.axb6+ Kxb6 46.Ra3 Ra8 47.c5+ Kb7 48.d6 Kc6 49.Ra5 Kb7
50.b5  1-0

[Event "Open A"]
[Site "Oberwart AUT"]
[Date "2010.07.14"]
[Round "2"]
[White "Gross,Mi"]
[Black "Mahdi,K"]
[Result "0-1"]
[WhiteElo "2124"]
[BlackElo "2395"]

1.d4 g6 2.e4 Bg7 3.Nc3 c6 4.Be3 d5 5.Qd2 dxe4 6.Nxe4 Nd7 7.Nf3 Ngf6 8.Ng3 Qb6
9.O-O-O Ng4 10.Bc4 O-O 11.h4 Nxe3 12.Qxe3 e5 13.h5 exd4 14.Nxd4 Ne5 15.Bb3 c5
16.hxg6 cxd4 17.gxf7+ Nxf7 18.Qe4 Qg6 19.Rh4 Bf6 20.Rh2 Bd7 21.Qxg6+ hxg6
22.Ne4 Kg7 23.Nxf6 Kxf6 24.Rxd4 Be6 25.c4 Rh8 26.Rxh8 Rxh8 27.Kd2 Rh2 28.Rf4+ Ke5
29.g3 b6 30.Ke3 Nd6 31.Kf3 Bf5 32.g4 Rh3+  0-1

[Event "Open A"]
[Site "Oberwart AUT"]
[Date "2010.07.14"]
[Round "2"]
[White "Mihok,O"]
[Black "Loidl,F"]
[Result "1-0"]
[WhiteElo "2438"]
[BlackElo "2209"]

1.e4 g6 2.d4 Bg7 3.Nc3 c6 4.f4 d5 5.e5 h5 6.Nf3 Nh6 7.Be3 Nf5 8.Bf2 Qb6 9.Na4 Qc7
10.Bd3 Nh6 11.h3 Bf5 12.O-O Qc8 13.b3 Bxd3 14.Qxd3 Qf5 15.Qd2 b6 16.c4 Qd7
17.Nc3 Nf5 18.a4 a6 19.Rfc1 e6 20.Ra2 Ra7 21.Rac2 Bf8 22.cxd5 exd5 23.a5 Bb4
24.axb6 Rb7 25.Qd3 Bxc3 26.Rxc3 Kf8 27.Nh4 Ne7 28.Re1 Qe6 29.Nf3 Qf5 30.Bh4 Qxd3
31.Rxd3 Rh7 32.Bf6 Nc8 33.Ng5 Rh6 34.e6 fxe6 35.Rxe6 Nd7 36.Rde3 Nxf6 37.Rxf6+ Kg7
38.Rf7+  1-0

[Event "Aegean Open"]
[Site "Agios Kirykos GRE"]
[Date "2010.07.17"]
[Round "5"]
[White "Karamalis,G"]
[Black "Kamenets,A"]
[Result "0-1"]
[WhiteElo "2084"]
[BlackElo "2246"]

1.e4 g6 2.d4 Bg7 3.Nc3 c6 4.Be2 d5 5.e5 f6 6.exf6 exf6 7.h4 Nh6 8.h5 g5 9.f4 g4
10.f5 Qe7 11.Bf4 Bxf5 12.Qd2 Nf7 13.h6 Bf8 14.Bxb8 Rxb8 15.Qf4 Nd6 16.O-O-O Qd7
17.Re1 Kf7 18.Rf1 Be7 19.Rh5 Be6 20.Bd3 Rbg8 21.Nge2 Ke8 22.Ng3 Kd8 23.Na4 b6
24.Re1 Rf8 25.Nf5 Nxf5 26.Bxf5 Bd6 27.Qxg4 Rhg8 28.Qf3 Bxf5 29.Rxf5 Rg3 30.Qf1 Rg6
31.c4 dxc4 32.d5 Re8 33.Rd1 c5 34.Nc3 Be5 35.d6 Re6 36.Rxe5 fxe5 37.Ne4 Kc8
38.g4 Rxh6 39.g5 Rh2 40.Qxc4 Rh4 41.Qd5 Kb8 42.Nf6 Qa4 43.d7 Rc4+ 44.Kb1 Qc2+  0-1

[Event "Sparkassen Open A"]
[Site "Dortmund GER"]
[Date "2010.07.18"]
[Round "2"]
[White "Sieberg,R"]
[Black "Liedtke,D"]
[Result "0-1"]
[WhiteElo "1951"]
[BlackElo "2191"]

1.e4 g6 2.d4 Bg7 3.Nc3 c6 4.Bc4 d6 5.Nf3 Nf6 6.O-O O-O 7.h3 b5 8.Bd3 Nfd7
9.Be3 Nb6 10.Qd2 Re8 11.b3 N8d7 12.Rad1 Qc7 13.a3 a6 14.Rfe1 Bb7 15.Bh6 Bh8
16.Be3 c5 17.dxc5 dxc5 18.Bf4 e5 19.Bg3 Nf8 20.Bf1 Rad8 21.Qe2 b4 22.Rxd8 Rxd8
23.axb4 cxb4 24.Na2 Qc5 25.Qe3 Qxe3 26.Rxe3 a5 27.Bxe5 Bxe5 28.Nxe5 Rd1 29.c4 Ra1
30.Re2 Ne6 31.Nd3 Nd4 32.Rb2 Bxe4 33.Nac1 Ra3 34.f3 Bxd3 35.Bxd3 Nd7 36.Be2 Ra1
37.Bf1 Rxc1 38.Rd2 Nxb3 39.Rxd7 a4 40.Kf2 Rc2+ 41.Ke1 a3 42.Ra7  0-1

[Event "ZDMI Open"]
[Site "Dresden GER"]
[Date "2010.07.18"]
[Round "9"]
[White "Eskandary,J"]
[Black "Moehn,H"]
[Result "1-0"]
[WhiteElo "2155"]
[BlackElo "2024"]

1.e4 g6 2.Nc3 Bg7 3.d4 c6 4.Be3 d5 5.e5 f6 6.exf6 Nxf6 7.Nf3 O-O 8.Qd2 Bg4
9.Be2 Bxf3 10.Bxf3 Nbd7 11.h4 e5 12.O-O-O Nh5 13.Bxh5 gxh5 14.Ne2 Qe7 15.Ng3 Qf7
16.Rdf1 c5 17.dxe5 d4 18.Bh6 Bxe5 19.Kb1 Bxg3 20.Qg5+ Kh8 21.Qxg3 Rg8 22.Qh3 Rg6
23.Bd2 Rag8 24.Rhg1 Ne5 25.Qh2 Nc4 26.Bc1 Qd5 27.b3 Nd6 28.Bf4 Nf7 29.g3 c4
30.Qg2 Qxg2 31.Rxg2 Rf6 32.Rgg1 b5 33.Rd1 Rd8 34.Rge1 Rxf4 35.gxf4 Nh6 36.Re5 Ng4
37.Re2 Nh6 38.f3 Nf5 39.Re5 Nxh4 40.Rxh5 Ng6 41.Rxb5 cxb3 42.axb3 Nxf4 43.Rb7 a5
44.Rh1 h5 45.Rf7 Ne2 46.Rxh5+ Kg8 47.Rfh7  1-0

[Event "Aegean Open"]
[Site "Agios Kirykos GRE"]
[Date "2010.07.21"]
[Round "9"]
[White "Iordanidou,Z"]
[Black "Koukoufikis,A"]
[Result "1-0"]
[WhiteElo "2107"]
[BlackElo "2255"]

1.e4 g6 2.d4 Bg7 3.Nc3 c6 4.f4 d6 5.Nf3 Bg4 6.Be2 Qb6 7.Ng5 h6 8.Bxg4 hxg5
9.fxg5 Bxd4 10.Qf3 Rh7 11.Nd1 e6 12.c3 Be5 13.Be3 c5 14.h3 Nd7 15.O-O Qc6
16.Bf2 Ke7 17.Qe2 f6 18.Qc4 Nf8 19.Be3 b5 20.Qe2 a5 21.Nf2 Rb8 22.Bf3 Nd7
23.gxf6+ Ndxf6 24.Bg5 Kd7 25.Nd3 Qc7 26.Bg4 Nxg4 27.Qxg4 Bh8 28.Nf4 Re8 29.Nxg6 Kc6
30.Rf8 Qd7 31.Raf1 Bg7 32.Rxe8 Qxe8 33.Nf4 Kd7 34.Nxe6 Nh6 35.Nxg7+ Nxg4
36.Nxe8  1-0

[Event "XIX ch-Macedonia Open"]
[Site "Struga MKD"]
[Date "2010.07.24"]
[Round "9"]
[White "Stojkovska,M"]
[Black "Menkinoski,R"]
[Result "0-1"]
[WhiteElo "1910"]
[BlackElo "2322"]

1.e4 c6 2.d4 g6 3.Nc3 Bg7 4.Be3 d6 5.Qd2 b5 6.Bd3 Nd7 7.f4 Ngf6 8.Nf3 Nb6
9.e5 Nfd5 10.Nxd5 Nxd5 11.Be4 Bf5 12.Bxf5 gxf5 13.O-O Nxe3 14.Qxe3 e6 15.exd6 Qxd6
16.c3 O-O 17.Ne5 Rac8 18.Nd3 Kh8 19.Qf3 Rg8 20.Rae1 Bf6 21.Ne5 Bxe5 22.Rxe5 Rg4
23.Rc5 a5 24.a4 bxa4 25.Rxa5 Qb8 26.Rxa4 Qxb2 27.g3 Rcg8 28.Ra7 h5 29.Rf2 Qb1+
30.Rf1 Qb2 31.Rf2 Qb5 32.Ra1 h4 33.Rg2 Qd5 34.Qxd5 cxd5 35.Kf2 Rc8 36.Ra3 Kg7
37.Kf3 Kf6 38.h3 Rxg3+ 39.Rxg3 hxg3 40.Kxg3 Rg8+ 41.Kf2 Kg6 42.Ra1 Kf6 43.Rg1 Rh8
44.Rg3 Rh4 45.Rf3 Ke7 46.Kg3 Rh8 47.Rf1 Rc8 48.Rc1 Kd6 49.h4 Rg8+ 50.Kf3 Rg4
51.Rh1 Ke7 52.h5 Kf6 53.Rh2 Rg1 54.Kf2 Rg8 55.Rg2 Rh8 56.Rh2 Kg7 57.Rh3 Kh6
58.Kf3 Ra8 59.Ke2 Ra2+ 60.Ke3 Rg2 61.Kf3 Rc2 62.Kg3 Rxc3+ 63.Kh4 Rxh3+  0-1

[Event "Tch-POR 1st Div Final"]
[Site "Vila Nova de Gaia POR"]
[Date "2010.07.26"]
[Round "3.2"]
[White "Suarez Real,A"]
[Black "Hennig,D"]
[Result "1-0"]
[WhiteElo "2395"]
[BlackElo "2404"]

1.e4 g6 2.d4 Bg7 3.Nc3 c6 4.f4 d5 5.e5 Nh6 6.Nf3 O-O 7.h3 f6 8.Be3 a5 9.Qd2 a4
10.Be2 Qa5 11.a3 b6 12.g4 Nf7 13.b4 axb3 14.cxb3 Na6 15.O-O Nc7 16.b4 Qa7
17.a4 Qb8 18.b5 Bb7 19.bxc6 Bxc6 20.Rfc1 Rc8 21.Qb2 Ra7 22.Rab1 Na8 23.Qb3 e6
24.Rc2 Rcc7 25.Rbc1 Qd8 26.Bb5 Bb7 27.Na2 Bc8 28.Nb4 Rxc2 29.Rxc2 Rc7 30.Nc6 Qf8
31.Bc1 Kh8 32.Ba3 Qg8 33.Ne7 Qd8 34.Nc6 Qg8 35.Bd6 fxe5 36.Bxc7 e4 37.Nfe5 Nxc7
38.Ne7  1-0

[Event "6th WSCC U17"]
[Site "Kayseri TUR"]
[Date "2010.07.30"]
[Round "9"]
[White "Okay,I"]
[Black "Javakhadze,Z"]
[Result "0-1"]
[WhiteElo "1872"]
[BlackElo "2354"]

1.e4 g6 2.d4 Bg7 3.Nc3 c6 4.Bc4 d5 5.exd5 b5 6.Bb3 b4 7.Ne4 cxd5 8.Nc5 Nf6
9.a3 bxa3 10.Rxa3 O-O 11.Bf4 Nc6 12.Nf3 Nh5 13.Be3 Qd6 14.O-O a5 15.Re1 h6
16.Ba4 Nd8 17.Ne5 Kh7 18.f4 f5 19.Bb5 Nf6 20.Qe2 Ne4 21.Rea1 Qc7 22.Nb3 g5
23.fxg5 f4 24.g6+ Kg8 25.Bf2 Ne6 26.Nf3 N6g5 27.Nxg5 Nxg5 28.Nc5 Bf5 29.b4 e5
30.dxe5 f3 31.Qd2 Rad8 32.Re1 fxg2 33.e6 Be4 34.Nd7 Rxd7 35.Bxd7 Be5 36.Rg3 Bxg3
37.Rxe4 Rxf2 38.e7 Nf3+  0-1